Представление документа в формате RUSMARC

ПолеНазваниеЗначение
  Тип записи a
  Библиографический уровень m
001 Контрольный номер RU/IS/BASE/286644711
005 Дата корректировки 20201206204624.2
010 Индекс ISBN __
a ISBN 978-5-9533-1911-9
d Цена 418-50
101 Язык документа __
a Язык текста rus
c Язык оригинала rus
200 Заглавие и сведения об ответственности 1_
a Заглавие Храмы и монастыри Москвы
e Сведения, относящиеся к заглавию путеводитель
f Первые сведения об ответственности А. Г. Демин
b Общее обозначение материала Текст
210 Выходные данные __
a Место издания М.
c Издательство Вече
d Дата издания 2008
215 Физическое описание __
a Объем 336 с.
225 Серия __
a Серия Русский путеводитель
606 Тематические рубрики __
a Основная рубрика Изобразительное искусство и архитектура
606 Тематические рубрики __
a Основная рубрика История архитектуры
y Географическая подрубрика Россия; Москва; Китай-город; Белый город; Земляной город
606 Тематические рубрики __
a Основная рубрика История
606 Тематические рубрики __
a Основная рубрика История России в целом
610 Ключевые слова __
a Ключевые слова храмы; монастыри; история храмов; история монастырей; набережные; округа; церкви; архитектурные памятники; памятники архитектуры
686 Индексы других классификаций __
a Классификационный индекс 85.113(2-2Москва)л6
686 Индексы других классификаций __
a Классификационный индекс 63.3(2-2Москва)л6
700 Автор _1
a Фамилия Демин
b Имя А. Г.
4 Код отношения 070
801 Источник записи _0
a Страна RU
b Организация Муниципальное бюджетное учреждение культуры "Централизованная библиотечная система" г. Сургут (Центральная городская библиотека им. А. С. Пушкина)
g Правила каталогизации КиК/Елгина
801 Источник записи _1
a Страна RU
b Организация Муниципальное бюджетное учреждение культуры "Централизованная библиотечная система" г. Сургут (Центральная городская библиотека им. А. С. Пушкина)
g Правила каталогизации КиК/Елгина
852 Данные о местонахождении __
j Шифр хранения 85.113(2-2Москва)л6
c Каталожный индекс 85.113(2-2Москва)л6; 63.3(2-2Москва)л6
i Авторский знак Д 30
901 Тип документа __
t Тип документа m
903 Характеристики (МАРС) __
a Дата передачи 20090202
990 Данные о заказе (DOS) __
j Количество экземпляров (DOS) 2
t N записи в КСУ для И/У (DOS) 200902